1280 1302 1012 1455 1010 1934 1629 1318 1649 1555 1045 1250 1656 1028 1078 1630 1860 1385 1864 1989 1645 1026 1237 1568 1705 1509 1426 1284 1748 1822 1436 1186 1384 1168 1412 1122 1078 1331 1493 1202 1021 1948 1471 1531 1543 1046 1805 1275 1804 1437 1600 1273 1708 1994 1503 1397 1908 1973 1576 1598 1856 1099 1877 1850 1818 1897 1846 1095 1773 1753 1285 1800 1495 1571 1276 1191 1812 1793 1665 1368 1929 1901 1433 1326 1086 1482 1229 1563 1054 1796 1301 1463 1277 1802 1898 1425 1434 1599 1322 BCNSPRNW ULIB Ver.6.0+V

เปลี่ยนเป็นภาษาไทย

Change to English
 แสดงรายละเอียดบรรณานุกรม
  กลับหน้าหลัก

Brief Record : Get Marc (ISO 2709) : E-mail record : QR code < ปิดหน้าต่าง
LEADER : 00000nam 2200000uu 4500
001    13399112726
003     ULIB
008    110907s2549||||th 000 0 tha d
020    9749818547
020    9789749818541
050  4 LB1052^bอ791ป 2549
100 0  อุดมพร อมรธรรม
245 10 ปรัชญาการศึกษาในพระบาทสมเด็จพระเจ้าอยู่หัว /^cอุดมพร อมรธรรม
246 34 ปรัชญาการศึกษาพระเจ้าอยู่หัว
260    กรุงเทพฯ :^bแสงดาว,^c2549
300    127 หน้า :^bภาพประกอบ ;^c21 ซม.
600 07 ภูมิพลอดุลยเดช,^cพระบาทสมเด็จพระปรมินทรมหา,^d2470-^xทัศนะเกี่ยวกับการศึกษา
600 07 ภูมิพลอดุลยเดช,^cพระบาทสมเด็จพระปรมินทรมหา,^d2470-^xพระบรมราโชวาท
650  4 การศึกษา^xปรัชญา
653    Open Your Eyes Project
945    ^p100^l0^i023147
995    ทศพร
999 ^a ทศพร
รายการนี้ยังไม่มีแท็ก
คุณยังไม่ได้ล็อกอิน คุณสามารถมีกิจกรรมร่วมกับเว็บไซต์ได้ แต่ต้องล็อกอินก่อน ::
  ล็อกอิน

รายการสื่อสารสนเทศ

ลำดับที่ ประเภท เลขเรียก/บาร์โค้ด สถานที่ สถานะ
- ไม่พบข้อมูล -

BibComment


ยังไม่เคยถูกคอมเมนท์

คอมเมนท์ทรัพยากรรายการนี้
  คอมเมนท์: ปรัชญาการศึกษาในพ..


 Copyright 2026. Bcnsprnw @Library